书目信息 |
| 题名: |
文学理论基础教程
|
|
| 作者: | 郭正元 编著 | |
| 分册: | ||
| 出版信息: | 广州 中山大学出版社 1989.11 |
|
| 页数: | 543页 | |
| 开本: | 32开 | |
| 丛书名: | ||
| 单 册: | ||
| 中图分类: | I02-43 | |
| 科图分类: | ||
| 主题词: | 文学理论--基本问题 | |
| 电子资源: | ||
| ISBN: | 7-306-00714-9 | |
| 000 | 00572nam0 2200193 45 | |
| 001 | 0011152088 | |
| 005 | 20001115204843.3 | |
| 010 | @a7-306-00714-9@d19.80元 | |
| 100 | @a20001115d1989 km y0chiy0120 ea | |
| 101 | 0 | @achi |
| 105 | @a z 000yy | |
| 200 | 1 | @a文学理论基础教程@AWen Xue Li Lun Ji Chu Jiao Cheng@f郭正元编著@FGuo Zheng Yuan Bian Zhu |
| 210 | @a广州@c中山大学出版社@d1989.11 | |
| 215 | @a543页@d32开 | |
| 606 | 0 | @a文学理论@x基本问题 |
| 690 | @aI02-43@v3 | |
| 701 | 0 | @a郭正元@4编著 |
| 801 | @aCN@bPftUser@c20001115 | |
| 905 | @b408643-647@dI02-43@eG931=2@f5 | |
| 文学理论基础教程/郭正元编著.-广州:中山大学出版社,1989.11 |
| 543页;32开 |
| ISBN 7-306-00714-9:19.80元 |
| ● |
| 相关链接 |
|
|
|
正题名:文学理论基础教程
索取号:I02-43/G931=2
 
预约/预借
| 序号 | 登录号 | 条形码 | 馆藏地/架位号 | 状态 | 备注 |
| 1 | 408643 | 204086434 | 文学库108/108文学库 1排3列2层/ [索取号:I02-43/G931=2] | 在馆 | |
| 2 | 408644 | 204086443 | 文学库108/108文学库 1排3列2层/ [索取号:I02-43/G931=2] | 在馆 | |
| 3 | 408645 | 204086452 | 社科二线400B/400B社科库 20排3列6层/ [索取号:I02-43/G931=2] | 在馆 | |
| 4 | 408646 | 204086461 | 社科二线400B/400B社科库 20排3列6层/ [索取号:I02-43/G931=2] | 在馆 | |
| 5 | 408647 | 204086470 | 社科二线400B/400B社科库 20排3列6层/ [索取号:I02-43/G931=2] | 在馆 |